00321nam a2200133Ia 4500008004100000041000800041082001600049100001600065245002200081260002800103300000900131500003100140700001600171230125s9999 xx 000 0 und d aeng a657.42bMOT aMotwani R K aPractical costing c1999bPointer publisher a448p aCosting ,Practical costing aMotwani R K